| 000 | 00489nam a22001577a 4500 | ||
|---|---|---|---|
| 999 |
_c9292 _d9292 |
||
| 008 | 210401b ||||| |||| 00| 0 eng d | ||
| 040 | _aBMS College of Architecture | ||
| 100 | _aKumar, Bimlendu | ||
| 245 | _aInternational convention center Bangalore | ||
| 300 | _aNA | ||
| 500 | _a1BM99AT007 | ||
| 502 |
_8B.Arch _NBMS College of Architecture, Visvesvaraya Technological University _aProject report _d2003 |
||
| 650 | _aconvention center | ||
| 700 |
_aS Rajan _eGuide |
||
| 942 |
_2ddc _cTHE |
||